Hotties in One Piece L - Statistiken

Allgemein
  • Dieses Quiz wurde 136 mal gespielt
  • Das Durchschnittsergebnis liegt bei 10 aus 74
Antwortstatistiken
Hint Antwort % Korrekt
Nami
85%
N Nico Robin
60%
R Ruffy
54%
Z Zoro
47%
S Sanji
45%
A Ace
43%
L Law
37%
Shanks
32%
Sabo
30%
Mihawk
25%
Whitebeard
25%
Dragon
24%
Akainu
23%
Aokiji
23%
Chopper
23%
Kizaru
23%
Yamato
22%
Buggy
21%
Doflamingo
21%
J Jinbe
19%
Perona
19%
Arlong
18%
Enel
17%
Killer
17%
Smoker
17%
Crocodile
14%
Rayleigh
14%
K Kuma
13%
Rob Lucci
12%
U Usopp
12%
Sengoku
11%
C Corby
10%
Gecko Moria
10%
Corazon
9%
Helmeppo
9%
E Ecki
8%
X X-Drake
8%
W Wapol
7%
Ichiji
6%
Y Yasopp
6%
Perospero
5%
Apoo
4%
B Ben Beckmann
4%
Bruno
4%
Cracker
4%
G Galdino
4%
Spandam
4%
Bentham
3%
Caesar
3%
Caribou
3%
D Dalton
3%
O Oven
3%
Pauli
2%
F Fullbody
1%
I Inazuma
1%
P Pandaman
1%
Rockstar
1%
Ryuma
1%
Sogeking
1%
Avalo Pizarro
0%
Cricket
0%
Daifuku
0%
Gedatsu
0%
H Hattori
0%
Limejuice
0%
M McKinley
0%
Merry
0%
Mont d or
0%
San-Juan Wolf
0%
T Tamago
0%
Van Augur
0%
V Virgo
0%
Yorki
0%
Zambai
0%
Keine übereinstimmenden Quizze gefunden
Verteilung der Resultate
Anzahl Personen mit jedem Resultat
Perzentil nach korrekt beantworteten Fragen
Ihre Resultats-Entwicklung
Sie haben dieses Quiz noch nicht gespielt